Adult education, policy and performance / (Record no. 136178)

MARC details
000 -LEADER
fixed length control field 00708nam a22002177a 4500
010 ## - LIBRARY OF CONGRESS CONTROL NUMBER
LC control number A-351851
020 ## - INTERNATIONAL STANDARD BOOK NUMBER
International Standard Book Number 8121202396
035 ## - SYSTEM CONTROL NUMBER
System control number A-351851
037 ## - SOURCE OF ACQUISITION
Stock number Cen Lib/Ret
040 ## - CATALOGING SOURCE
Original cataloging agency DPL
Language of cataloging EN
082 ## - DEWEY DECIMAL CLASSIFICATION NUMBER
Classification number 374
Item number RAM
100 ## - MAIN ENTRY--PERSONAL NAME
Personal name Ramabrahman, I.
9 (RLIN) 113076
245 ## - TITLE STATEMENT
Title Adult education, policy and performance /
Remainder of title by I. Ramabrahmam
260 ## - PUBLICATION, DISTRIBUTION, ETC. (IMPRINT)
Place of publication, distribution, etc New Delhi ;
Name of publisher, distributor, etc Gian Publishing House
Date of publication, distribution, etc 1988
270 ## - ADDRESS
Address 29/6 Shakti Nagar
City New Delhi
Postal code 110007
300 ## - PHYSICAL DESCRIPTION
Extent x, 230p ;
Other physical details 24cm(Hb)
650 ## - SUBJECT ADDED ENTRY--TOPICAL TERM
Topical term or geographic name as entry element Adult education and state -- India -- Andhra Pradesh.
9 (RLIN) 101582
650 ## - SUBJECT ADDED ENTRY--TOPICAL TERM
Topical term or geographic name as entry element Adult education and state.
9 (RLIN) 101581
650 ## - SUBJECT ADDED ENTRY--TOPICAL TERM
Topical term or geographic name as entry element India -- Andhra Pradesh.
9 (RLIN) 113077
942 ## - ADDED ENTRY ELEMENTS (KOHA)
Source of classification or shelving scheme Dewey Decimal Classification
Koha item type English Books
Classification part 374
Call number suffix RAM
Holdings
Withdrawn status Lost status Damaged status Not for loan Home library Current library Date acquired Source of acquisition Total Checkouts Full call number Barcode Date last seen Copy number Price effective from Koha item type
        Central Library Central Library 23/12/2015 Cen Lib/Ret   374 RAM A-351851 23/12/2015 1 23/12/2015 English Books

© Delhi Public Library
Hit Counter
free hit counter